000 00577nam a2200193Ia 4500
001 288
005 20251205091013.0
008 251203t1987||||xx |||||||||||||| ||spa||
041 _aESP
082 _a985.41
_bT72
100 _aTord, Luis Enrique,
_cAUT
245 0 _aArequipa artística y monumental
260 _aArequipa :
_bBanco del Sur del Perú
_c1987
300 _a205 páginas :
_b plegados, fotografías ;
_c 31 cm.
650 _aGEH
653 _aArequipa (Perú) - Monumentos históricos; Monasterios - Arequipa (Perú)
654 _aCTP
942 _cLIB
_dJUS
_fMAT
_2ddc
999 _c288
_d288